| Tag |
First Indicator |
Second Indicator |
Subfields |
| LEADER |
00000cam a2200000 a 4500 |
| 001 |
in00000856430 |
| 005 |
20151019071950.0 |
| 008 |
851011s1985 dcuabk bf f00010 eng d |
| 010 |
|
|
|a gp 86001479
|
| 035 |
|
|
|a (OCoLC)12690087
|
| 035 |
|
|
|9 AED7683AM
|
| 040 |
|
|
|a GPO
|c GPO
|d UtOrBLW
|
| 043 |
|
|
|a f-sq---
|
| 074 |
|
|
|a 74-E-2
|
| 086 |
0 |
|
|a PE 1.8:Si 8/2
|
| 100 |
1 |
|
|a Corum, Claudia W.
|
| 245 |
1 |
0 |
|a Siswati :
|b special skills handbook /
|c compiled by by Claudia W. Corum ; developed by the Experiment in International Living ; for ACTION/Peace Corps.
|
| 264 |
|
1 |
|a [Washington, D.C.?] :
|b The Corps,
|c 1985.
|
| 300 |
|
|
|a x, 106 pages :
|b illustrations, forms, 3 maps ;
|c 28 cm.
|
| 336 |
|
|
|a text
|b txt
|2 rdacontent
|
| 337 |
|
|
|a unmediated
|b n
|2 rdamedia
|
| 338 |
|
|
|a volume
|b nc
|2 rdacarrier
|
| 490 |
1 |
|
|a Peace Corps language handbook series
|
| 504 |
|
|
|a Bibliography: page 105.
|
| 500 |
|
|
|a "Contract number 79-043-1034"--Title page verso.
|
| 650 |
|
0 |
|a Swazi language
|x Handbooks, manuals, etc.
|
| 651 |
|
0 |
|a Swaziland
|x Languages
|x Handbooks, manuals, etc.
|
| 650 |
|
0 |
|a African languages
|x Handbooks, manuals, etc.
|
| 710 |
2 |
|
|a Experiment in International Living.
|
| 710 |
1 |
|
|a United States.
|b Action.
|
| 710 |
2 |
|
|a Peace Corps (U.S.)
|
| 830 |
|
0 |
|a Peace Corps language handbook series.
|
| 999 |
|
|
|a MARS
|
| 999 |
f |
f |
|s 2c49a8ec-56f7-33e9-b6d0-2fba0b813c42
|i 13ef5c1d-a10b-3d22-b87e-ea9e3d2fdd5f
|t 0
|
| 952 |
f |
f |
|p normal
|a Texas A&M University
|b College Station
|c Sterling C. Evans Library
|d Evans: US Documents (Annex 5th floor)
|t 0
|e PE 1.8:Si 8/2
|h Superintendent of Documents classification
|i unmediated -- volume
|m A14817514376
|
| 998 |
f |
f |
|a PE 1.8:Si 8/2
|t 0
|l Evans: US Documents (Annex 5th floor)
|